| 000 | 00520nam a2200193Ia 4500 | ||
|---|---|---|---|
| 040 | _cMIA | ||
| 082 | _aWCB STU 1987 C278 Or. | ||
| 100 | 1 | 0 | _aKinskey, Jerome |
| 245 | 1 | 0 | _aStudent study guide to accompany Business world 2 / |
| 260 |
_aNew York : _bWiley, _cc1987 |
||
| 300 |
_avi, 309 p. ; _c28 cm |
||
| 500 | _aPrevious ed. by Harold Gray | ||
| 650 | 0 | _aBusiness | |
| 650 | 0 | _aIndustrial management | |
| 700 | 1 | 0 | _aBarille, Judy A |
| 700 | 1 | 1 | _aGitman, Lawrence J. |
| 700 | 1 | 1 | _aMcDaniel, Carl, |
| 942 | _cAEDBB | ||
| 999 |
_c21283 _d21283 |
||